000 01131nam0a2200253 4500
001 RU\NLR\BIBL_A\011275316
005 20191030124931.0
035 _a(NLR Aleph) 011275316
090 _a10842887
_c10842887
100 _a20161121d1938 d y0rusy50 ca
101 0 _ainh
102 _aRU
105 _aca z 000 y
200 1 _aСССР-а истори
_eлоацца курс
_e3-чеи 4-чеи классашадола учебник
_fпроф. А. В. Шестакова ред.
210 _aШолж-ГIала
_cНохчгIалгIпачхьалкхиздат
_d1938
215 _a233, [3] с.,[8] л. карт., портр.
_cил. портр.
_d21
541 1 _aИстория СССР
_eкраткий курс
_eучебник для 3 и 4 кл.
_zrus
607 _aСССР
_xИстория
_jУчебники для начальной школы
_2nlr_sh1
_2nlr_sh2
_3RU\NLR\AUTH\6613829
686 1 _aТ3(2)1/7 я71
702 1 _aШестаков
_bА. В.
_f1877-1941
_gАндрей Васильевич
_4340
852 _aNLR
_bОНЛ
_jИнгуш./3-131
942 _cBOOK
980 _aNB